ბათუმის შოთა რუსთაველის სახელმწიფო უნივერსიტეტის ბიბლიოთეკა

როგორ აგვიხსნა ფეხბურთმა მსოფლიო გლობალიზაციის სხვაგვარი თეორია = How soccer explains the world / (ბიბ.ჩანაწერი № 40658)

000 -ლიდერი
ფიქსირებული სიგრძის საკონტროლო ველი 01162nam a2200229Ia 4500
001 - საკონტროლო ნომერი
საკონტროლო ველი 7286
003 - საკონტროლო ნომრის იდენტიფიკატორი
საკონტროლო ველი GE_BSU
005 - ბოლო ოპერაციის თარიღი და დრო
საკონტროლო ველი 20231114161114.0
008 - ფიქსირებული სიგრძის მონაცემთა ელემენტები - ზოგადი ინფორმაცია
ფიქსირებული სიგრძის საკონტროლო ველი 181216s2013||||ge |||||||||||||| ||geo||
020 ## - წიგნის საერთაშორისო სტანდარტული ნომერი
International Standard Book Number 9789941442674
040 ## - კატალოგიზაციის წყარო
Transcribing agency GE_BSU
041 ## - ენის კოდი
Language code of text/sound track or separate title geo
080 ## - უნივერსალური ათობითი კლასიფიკაციის ინდექსი
Universal Decimal Classification number 796.33(100) ფ-77
100 ## - მთავარი ჩანაწერი - პიროვნების სახელი
Personal name ფოერი, ფრანკლინ
9 (RLIN) 12808
245 ## - ცნობა სათაურის შესახებ
Title როგორ აგვიხსნა ფეხბურთმა მსოფლიო გლობალიზაციის სხვაგვარი თეორია = How soccer explains the world /
Remainder of title ფრანკლინ ფოერი ; მთარგმნ. რუსუდან ძიგრაშვილი.
264 ## - წარმოების, გამოცემის, დისტრიბუციის და სხვა ცნობები
გამოცემის, წარმოების, დისტრიბუციის... ადგილი თბილისი :
გამოცემის, წარმოების, დისტრიბუციის... სახელწოდება საუნჯე,
გამოცემის, წარმოების, დისტრიბუციის... თარიღი 2013.
300 ## - ფიზიკური აღწერა
Extent 255 გვ. ;
Dimensions 20 სმ.
653 ## - INDEX TERM--UNCONTROLLED
Uncontrolled term როგორ აგვიხსნა ფეხბურთმა მსოფლიო გლობალიზაციის სხვაგვარი თეორია
700 ## - ADDED ENTRY--PERSONAL NAME
Personal name ძიგრაშვილი, რუსუდან
Relator term მთარგმნელი
9 (RLIN) 20372
942 ## - ADDED ENTRY ELEMENTS (KOHA)
Koha item type წიგნი
Source of classification or shelving scheme
ეგზემპლარები
ჩამოწერის სტატუსი დაკარგული ეგზემპლარის სტატუსი კლასიფიკაციის წყარო ან თაროზე გაწყობის სქემა დაზიანების სტატუსი არ გაიცემა მუდმივი მდებარეობა (დაცვის ადგილი) ამჟამინდელი ადგილსამყოფელი თაროზე განთავსების ადგილი შეძენის თარიღი ღირებულება, შესყიდვის ნორმალური ფასი სრული შენახვის შიფრი შტრიხკოდი ბოლო ოპერაციის თარიღი ეგზემპლარის მიმდევრობითი ნომერი (კეტერი?) ფასის ძალაში შესვლის თარიღი ეგზემპლარის სახეობა საჯარო შენიშვნა
          ბათუმის შოთა რუსთაველის სახელმწიფო უნივერსიტეტის მთავარი ბიბლიოთეკა ბათუმის შოთა რუსთაველის სახელმწიფო უნივერსიტეტის მთავარი ბიბლიოთეკა წიგნსაცავი 2018-12-17 2.00 796.33(100) ფ-77 23142 2018-12-17 23142 2018-12-17 წიგნი 2.00 ₾.